000
00355nam a2200157Ia 4500
003
OSt
005
20231221094230.0
008
170524s9999 xx 000 0 und d
020
_a
0195686225
040
_c
IIMT
100
_a
Lathi BP
245
0
_a
Modern Digital and Analog Communication System
260
_b
Oxford
260
_c
2008
942
_2
ddc
_c
02
999
_c
4786
_d
4786